مو سی (نا و لٹ) (Record no. 175856)

MARC details
000 -LEADER
fixed length control field 00626nam a22001937a 4500
005 - DATE AND TIME OF LATEST TRANSACTION
control field 20201008112441.0
010 ## - LCCN (DPL NO)
LC control number UR-10881
020 ## - INTERNATIONAL STANDARD BOOK NUMBER
Terms of availability 120.00
International Standard Book Number 9789390100033
035 ## - SYSTEM CONTROL NUMBER
System control number U-9436
037 ## - SOURCE OF ACQUISITION
Source of stock number/acquisition DBAD/PUB
082 ## - DEWEY DECIMAL CLASSIFICATION NUMBER
Classification number ن
100 ## - MAIN ENTRY--PERSONAL NAME
Personal name شفق سو پو ر ی
245 ## - TITLE STATEMENT
Title مو سی (نا و لٹ)
Statement of responsibility, etc شفق سو پو ر ی
246 ## - VARYING FORM OF TITLE
Remainder of title Moosa (Novel) (Urdu)
Title proper/short title by Shafaqu So Puri
260 ## - PUBLICATION, DISTRIBUTION, ETC. (IMPRINT)
Place of publication, distribution, etc N.Delhi
Name of publisher, distributor, etc Educational Publishing House
Date of publication, distribution, etc 2020 ء
270 ## - ADDRESS
Address H.O.D1/16,Ansari Road,Darya ganj,
City N.Delhi
Postal code 110002
Telephone number 45678285,23216162
Fax number 0091-11-23211540
300 ## - PHYSICAL DESCRIPTION
Extent 78 ص
Dimensions 22 Cm(Hb)
942 ## - ADDED ENTRY ELEMENTS (KOHA)
Source of classification or shelving scheme Dewey Decimal Classification
Item type Urdu Bks
Classification part ن
Call number suffix ش ف ق
Holdings
Withdrawn status Lost status Not for loan Collection code Home library Current library Date acquired Source of acquisition Cost, normal purchase price Full call number Barcode Copy number Cost, replacement price Koha item type
      Fiction D.B.Act.Division D.B.Act.Division 08/10/2020 DBAD/PUB 120.00 ن ش ف ق U-9436 1 120.00 Urdu Bks

© Delhi Public Library
Hit Counter
free hit counter